000 00261nam a22001217a 4500
008 170609b xxu||||| |||| 00| 0 eng d
041 _aeng
080 _a94(100)
100 _a19
101 _aSHP
245 _aTHE ANCIENT WORLD: TO 300 A.D
942 _2udc
_cBK
999 _c16771
_d16771